Выбор компоновочных схем размещения энергосиловой установки геохода; Проблемы геологии и освоения недр; Т. 2
| Parent link: | Проблемы геологии и освоения недр: труды XVIII Международного симпозиума имени академика М. А. Усова студентов и молодых ученых, Томск, 7-11 апреля 2014 г./ Национальный исследовательский Томский политехнический университет (ТПУ), Институт природных ресурсов (ИПР) ; Общество инженеров-нефтяников, международная некоммерческая организация, Студенческий чаптер ; под ред. А. Ю. Дмитриева.— , 2014 Т. 2.— [С. 481-482] |
|---|---|
| Hoofdauteur: | |
| Coauteur: | |
| Andere auteurs: | |
| Samenvatting: | Заглавие с экрана |
| Taal: | Russisch |
| Gepubliceerd in: |
|
| Reeks: | Горное дело. Разработка рудных и нерудных полезных ископаемых |
| Onderwerpen: | |
| Online toegang: | http://earchive.tpu.ru/handle/11683/65679 http://www.lib.tpu.ru/fulltext/c/2014/C11/V2/219.pdf |
| Formaat: | Elektronisch Hoofdstuk |
| KOHA link: | https://koha.lib.tpu.ru/cgi-bin/koha/opac-detail.pl?biblionumber=608650 |
MARC
| LEADER | 00000naa2a2200000 4500 | ||
|---|---|---|---|
| 001 | 608650 | ||
| 005 | 20231101132521.0 | ||
| 035 | |a (RuTPU)RU\TPU\conf\6084 | ||
| 035 | |a RU\TPU\conf\6083 | ||
| 090 | |a 608650 | ||
| 100 | |a 20141007d2014 k y0rusy50 ca | ||
| 101 | 0 | |a rus | |
| 102 | |a RU | ||
| 105 | |a y z 100zy | ||
| 135 | |a drgn ---uucaa | ||
| 181 | 0 | |a i | |
| 182 | 0 | |a b | |
| 200 | 1 | |a Выбор компоновочных схем размещения энергосиловой установки геохода |f Р. В. Чернухин |g науч. рук. М. Ю. Блащук | |
| 203 | |a Текст |c электронный | ||
| 225 | 1 | |a Горное дело. Разработка рудных и нерудных полезных ископаемых | |
| 230 | |a 1 компьютерный файл (pdf; 722 Kb) | ||
| 300 | |a Заглавие с экрана | ||
| 320 | |a [Библиогр.: с. 482 (3 назв.)] | ||
| 337 | |a Adobe Reader | ||
| 461 | 1 | |0 (RuTPU)RU\TPU\conf\5590 |t Проблемы геологии и освоения недр |o труды XVIII Международного симпозиума имени академика М. А. Усова студентов и молодых ученых, Томск, 7-11 апреля 2014 г. |o в 2 т. |f Национальный исследовательский Томский политехнический университет (ТПУ), Институт природных ресурсов (ИПР) ; Общество инженеров-нефтяников, международная некоммерческая организация, Студенческий чаптер ; под ред. А. Ю. Дмитриева |d 2014 | |
| 463 | 1 | |0 (RuTPU)RU\TPU\conf\5595 |t Т. 2 |v [С. 481-482] | |
| 610 | 1 | |a труды учёных ТПУ | |
| 610 | 1 | |a электронный ресурс | |
| 610 | 1 | |a компоновочные схемы | |
| 610 | 1 | |a геоходы | |
| 610 | 1 | |a энергосиловые установки | |
| 700 | 1 | |a Чернухин |b Р. В. |c специалист в области машиностроения и агроинженерии |c старший преподаватель Томского политехнического университета |f 1981- |g Роман Владимирович |2 stltpush |3 (RuTPU)RU\TPU\pers\29991 | |
| 702 | 1 | |a Блащук |b М. Ю. |c специалист в области горного дела |c доцент Юргинского технологического института (филиал) Томского политехнического университета, кандидат технических наук |f 1979- |g Михаил Юрьевич |2 stltpush |4 727 | |
| 712 | 0 | 2 | |a Национальный исследовательский Томский политехнический университет (ТПУ) |b Юргинский технологический институт (филиал) (ЮТИ) |b Кафедра горно-шахтного оборудования (ГШО) |h 2088 |2 stltpush |3 (RuTPU)RU\TPU\col\18984 |
| 801 | 2 | |a RU |b 63413507 |c 20210916 |g RCR | |
| 856 | 4 | |u http://earchive.tpu.ru/handle/11683/65679 | |
| 856 | 4 | |u http://www.lib.tpu.ru/fulltext/c/2014/C11/V2/219.pdf | |
| 942 | |c BK | ||